00515nam a22001457a 4500003000400000005001700004008004100021040001400062100002600076245010100102260000900203300002800212500009800240504003100338OSt20171010095509.0120813t xxu||||| |||| 00| 0 eng d aMMSUcULS aBingayen, Quintin N.  aCongruence of terminologies used by extension workers and their clientele cQuintin N. Bingayen  c1991 axi, 320 leaves c28 cm. aThesis (MS Rural Development) -- Mariano Marcos State University-Graduate School, Laoag City  aBibliography: leaves 59-62